<?xml version="1.0" encoding="UTF-8"?>
<record
    xmlns:xsi="http://www.w3.org/2001/XMLSchema-instance"
    xsi:schemaLocation="http://www.loc.gov/MARC21/slim http://www.loc.gov/standards/marcxml/schema/MARC21slim.xsd"
    xmlns="http://www.loc.gov/MARC21/slim">

  <leader>00352nam a22001457a 4500</leader>
  <controlfield tag="003">OSt</controlfield>
  <controlfield tag="008">220521b           ||||| |||| 00| 0 eng d</controlfield>
  <datafield tag="020" ind1=" " ind2=" ">
    <subfield code="a">978-0-06-264154-0</subfield>
  </datafield>
  <datafield tag="082" ind1=" " ind2=" ">
    <subfield code="a">158.1 MAS</subfield>
  </datafield>
  <datafield tag="100" ind1=" " ind2=" ">
    <subfield code="a">MANSON, Mark</subfield>
  </datafield>
  <datafield tag="245" ind1=" " ind2=" ">
    <subfield code="a">The Subtle Art of Not Giving a Fuck</subfield>
  </datafield>
  <datafield tag="260" ind1=" " ind2=" ">
    <subfield code="a">New York</subfield>
    <subfield code="b">Harper One</subfield>
    <subfield code="c">2016</subfield>
  </datafield>
  <datafield tag="300" ind1=" " ind2=" ">
    <subfield code="a">212</subfield>
  </datafield>
  <datafield tag="942" ind1=" " ind2=" ">
    <subfield code="2">ddc</subfield>
    <subfield code="c">BK</subfield>
  </datafield>
  <datafield tag="999" ind1=" " ind2=" ">
    <subfield code="c">11252</subfield>
    <subfield code="d">11252</subfield>
  </datafield>
  <datafield tag="952" ind1=" " ind2=" ">
    <subfield code="0">0</subfield>
    <subfield code="1">0</subfield>
    <subfield code="2">ddc</subfield>
    <subfield code="4">0</subfield>
    <subfield code="7">0</subfield>
    <subfield code="8">GENERAL</subfield>
    <subfield code="a">PIET</subfield>
    <subfield code="b">PIET</subfield>
    <subfield code="e">Kumar Stationery &amp; Book Seller</subfield>
    <subfield code="f">Indian Rup</subfield>
    <subfield code="g">499.00</subfield>
    <subfield code="k">35239</subfield>
    <subfield code="l">10</subfield>
    <subfield code="o">158.1 MAS</subfield>
    <subfield code="p">33613</subfield>
    <subfield code="r">2023-05-16 00:00:00</subfield>
    <subfield code="s">2023-05-02</subfield>
    <subfield code="v">335.00</subfield>
    <subfield code="w">2022-05-21</subfield>
    <subfield code="y">BK</subfield>
    <subfield code="z">Motivational</subfield>
  </datafield>
  <datafield tag="952" ind1=" " ind2=" ">
    <subfield code="0">0</subfield>
    <subfield code="1">0</subfield>
    <subfield code="2">ddc</subfield>
    <subfield code="4">0</subfield>
    <subfield code="7">0</subfield>
    <subfield code="8">GENERAL</subfield>
    <subfield code="a">PIET</subfield>
    <subfield code="b">PIET</subfield>
    <subfield code="d">2025-04-11</subfield>
    <subfield code="e">Zaffa Books</subfield>
    <subfield code="f">INR</subfield>
    <subfield code="g">550.00</subfield>
    <subfield code="k">ZBD0038</subfield>
    <subfield code="l">0</subfield>
    <subfield code="o">158.1 MAS</subfield>
    <subfield code="p">39175</subfield>
    <subfield code="r">2025-04-17 00:00:00</subfield>
    <subfield code="v">357.50</subfield>
    <subfield code="w">2025-04-11</subfield>
    <subfield code="y">BK</subfield>
  </datafield>
  <datafield tag="952" ind1=" " ind2=" ">
    <subfield code="0">0</subfield>
    <subfield code="1">0</subfield>
    <subfield code="2">ddc</subfield>
    <subfield code="4">0</subfield>
    <subfield code="7">0</subfield>
    <subfield code="8">GENERAL</subfield>
    <subfield code="a">PIET</subfield>
    <subfield code="b">PIET</subfield>
    <subfield code="d">2025-04-11</subfield>
    <subfield code="e">Zaffa Books</subfield>
    <subfield code="f">INR</subfield>
    <subfield code="g">550.00</subfield>
    <subfield code="k">ZBD0038</subfield>
    <subfield code="l">3</subfield>
    <subfield code="o">158.1 MAS</subfield>
    <subfield code="p">39176</subfield>
    <subfield code="r">2026-03-17 00:00:00</subfield>
    <subfield code="s">2026-03-06</subfield>
    <subfield code="v">357.50</subfield>
    <subfield code="w">2025-04-11</subfield>
    <subfield code="y">BK</subfield>
  </datafield>
</record>
